Piłkarze z Ekstraklasy na EURO 2016 - Statystyki

Ogólne statystyki
  • Ten quiz został rozwiązany 181 razy
  • Średni wynik to 8 z 14
Statystyki odpowiedzi
klub kraj piłkarz % Poprawnych
Legia Warszawa POL Michał Pazdan
88%
Legia Warszawa POL Artur Jędrzejczyk
84%
Cracovia POL Bartosz Kapustka
72%
Wisła Kraków POL Krzysztof Mączyński
63%
Legia Warszawa HUN Nemanja Nikolic
60%
Lechia Gdańsk POL Sławomir Peszko
59%
Legia Warszawa SVK Ondrej Duda
58%
KGHM Zagłębie POL Filip Starzyński
56%
Ruch Chorzów POL Mariusz Stępiński
49%
Legia Warszawa POL Tomasz Jodłowiec
47%
Lechia Gdańsk POL Jakub Wawrzyniak
42%
Lech Poznań POL Karol Linetty
39%
Wisła Kraków HUN Richard Guzmics
20%
Lech Poznań HUN Gergo Lovrencsics
14%
Nie znaleziono quizów pasujących do podanych kryteriów
Rozkład punktacji
Procent ludzi z każdym wynikiem
Percentyl według liczby udzielonych odpowiedzi
Twoja historia wyników
Nie rozwiązałeś tego quizu